000 01549nam0a22004451 4500
001 RU\NLR\A1SV\71128
005 20251031105528.0
035 _a(NLR Aleph) 009752676
090 _a9986956
_c9986956
100 _a20060720d1918 u y0rusy50 ca
101 0 _arus
102 _aRU
200 1 _aКрасный звон
_fСб. стихов С.Есенина, Н.Клюева, П.Орешина, А.Ширяевца
_gСо вст. ст. Иванова-Разумника
210 _aПг.
_cРеволюц. мысль
_d1918
215 _a95 с.
_d21 см
225 _aПоэты и революция
620 _dСанкт-Петербург
702 1 _aЕсенин
_bС.А.
_f1895-1925
_gСергей Александрович
702 1 _aКлюев
_bН.А.
_f1884-1937
_gНиколай Алексеевич
702 1 _aОрешин
_bП.В.
_f1887-1938
_gПетр Васильевич
702 1 _aШиряевец
_bА.В.
_f1887-1924
_gАлександр Васильевич
702 1 _aИванов-Разумник
_bР.В.
_f1878-1946
_gРазумник Васильевич
801 0 _aRU
_bNLR
_c20060720
852 _aNLR
_j17.143.3.32
852 _aNLR
_j17.143.3.32а
899 _aСПбГУ
899 _aРКП
899 _aБАН
899 _aММП
899 _aРГБ
899 _aНГОУНБ
899 _aСамОУНБ
899 _aСОУНБ
899 _aSLK
899 _aОренбургОУНБ
899 _aМОУНБ
942 _cBOOK
980 _aA1SV
980 _aNB